000 00991nam a2200193Ia 4500
999 _c39608
_d39608
001 6208
003 GE_BSU
005 20190702153731.0
008 181216s1975||||ge |||||||||||||| ||geo||
041 _ageo
080 _a624.012+691(075.8) დ-72
100 _aდოლიძე, დ.
_9452
245 _aსამშენებლო მასალების ნაგებობათა და კონსტრუქციების გამოცდა /
_cდ. დოლიძე ; რედ : ჩ. გურგენიძე.
264 _aთბილისი :
_bგამ–ბა განათლება,
_c1975.
300 _a305 გვ .:
_bცხრ;ნახ.
_c22 სმ.
653 _aსამშენებლო მასალების ნაგებობათა და კონსტრუქციების გამოცდა
700 _aგურგენიძე, ჩ
_eრედაქტორი
_93149
942 _cBK
_2udc